000 00301nam a22001337a 4500
008 171103b xxu||||| |||| 00| 0 eng d
020 _a9780395589038
041 _aeng
080 _a339.138
100 _a60
101 _aMAT
245 _aGLOBAL MARKETING STRATEGIES
_cJEANNET.H
942 _2udc
_cBK
999 _c37425
_d37425